000 00289nam a22001337a 4500
008 180903b xxu||||| |||| 00| 0 eng d
020 _a9780312664763
041 _aeng
080 _a371
100 _a25
101 _aEDU
245 _aA Writer's Reference
_cHacker, D
942 _2udc
_cBK
999 _c47452
_d47452